[Event "XIV Festival Conca della Presolana Magistrale"]
[Site "Bratto - Castione della Presolana ITA"]
[Date "1994.08.24"]
[Round "4"]
[White "Profumo, Alberto"]
[Black "Bresciani, Nicola"]
[Result "1/2-1/2"]
[WhiteElo "2106"]
[BlackElo "2315"]
[PlyCount "79"]
[EventDate "1994.08.21"]

1. d4 Nf6 2. Nf3 e6 3. c4 b6 4. g3 Ba6 5. b3 Bb4+ 6. Bd2 Be7 7. Bg2 c6 8. Bc3
d5 9. Ne5 Nfd7 10. Nxd7 Nxd7 11. Nd2 O-O 12. O-O b5 13. Re1 bxc4 14. bxc4 Nb6
15. c5 Nc4 16. Nb3 f5 17. e3 Na3 18. Nd2 Nb5 19. Bb4 Nc7 20. Ba5 Qd7 21. Qa4
Bb5 22. Qa3 Bf6 23. f4 g5 24. Nf3 g4 25. Ne5 Bxe5 26. dxe5 Rfb8 27. Bxc7 Qxc7
28. Rab1 Rb7 29. Rb2 Rab8 30. Reb1 Bc4 31. Bf1 Bxf1 32. Kxf1 Rxb2 33. Rxb2 Rxb2
34. Qxb2 Kf8 35. Ke2 Ke8 36. Kd2 Kd8 37. Qb4 Kc8 38. Kc3 Qb7 39. Qxb7+ Kxb7 40.
Kb4 1/2-1/2

[Event "XIV Festival Conca della Presolana Magistrale"]
[Site "Bratto - Castione della Presolana ITA"]
[Date "1994.08.24"]
[Round "4"]
[White "Righi, Ezio"]
[Black "Cividali, Emilio"]
[Result "0-1"]
[WhiteElo "2210"]
[BlackElo "1976"]
[PlyCount "44"]
[EventDate "1994.08.21"]

1. e4 c5 2. Nf3 e6 3. d4 cxd4 4. Nxd4 Nf6 5. Nc3 d6 6. Be3 a6 7. Qd2 b5 8. f3
Nbd7 9. O-O-O Qc7 10. g4 h6 11. h4 Ne5 12. Qf2 b4 13. Nce2 Bb7 14. Ng3 Rc8 15.
Bd3 d5 16. Rhf1 Nxd3+ 17. Rxd3 dxe4 18. Nxe4 Bxe4 19. fxe4 Nxg4 20. Qg2 Nxe3
21. Rxe3 Bd6 22. Nf3 Bf4 0-1

[Event "XIV Festival Conca della Presolana Magistrale"]
[Site "Bratto - Castione della Presolana ITA"]
[Date "1994.08.24"]
[Round "4"]
[White "Rossi, Giampiero"]
[Black "Zoldan, Matteo"]
[Result "1/2-1/2"]
[WhiteElo "2205"]
[BlackElo "1900"]
[PlyCount "80"]
[EventDate "1994.08.21"]

1. d4 Nf6 2. c4 g6 3. g3 Bg7 4. Bg2 O-O 5. Nc3 d6 6. Nf3 Nc6 7. O-O e5 8. dxe5
Nxe5 9. Nxe5 dxe5 10. Bg5 Qxd1 11. Raxd1 h6 12. Be3 c6 13. h3 Be6 14. b3 Rfc8
15. Na4 Nd7 16. Rd2 Kf8 17. Rfd1 Ke8 18. Nc5 Nxc5 19. Bxc5 Bf8 20. Bxf8 Kxf8
21. e3 Ke7 22. Kf1 Rd8 23. Ke1 Rxd2 24. Rxd2 Rd8 25. Rxd8 Kxd8 26. Kd2 Kc7 27.
c5 b6 28. cxb6+ axb6 29. Kc3 c5 30. a3 Kd6 31. Bf1 f6 32. h4 g5 33. b4 Kc6 34.
f4 gxh4 35. gxh4 exf4 36. exf4 Bd5 37. bxc5 Kxc5 38. Be2 Bc6 39. Bc4 Be4 40.
Bb3 Bf5 1/2-1/2

[Event "XIV Festival Conca della Presolana Magistrale"]
[Site "Bratto - Castione della Presolana ITA"]
[Date "1994.08.25"]
[Round "5"]
[White "Amedeo, Riccardo"]
[Black "Fabbri, Mario"]
[Result "0-1"]
[WhiteElo "1876"]
[BlackElo "2225"]
[PlyCount "118"]
[EventDate "1994.08.21"]

1. e4 e5 2. Nf3 Nc6 3. Bb5 Nf6 4. O-O d6 5. d4 exd4 6. Nxd4 Bd7 7. Nxc6 bxc6 8.
Bd3 Be7 9. f4 d5 10. Nc3 dxe4 11. Nxe4 O-O 12. Qf3 Kh8 13. Be3 Bf5 14. Nc5 Bxd3
15. Nxd3 Qd5 16. Ne5 Qxf3 17. Rxf3 c5 18. Rd1 Bd6 19. Nc4 Ne4 20. Nxd6 cxd6 21.
Bf2 Rab8 22. b3 f5 23. Bh4 Rb7 24. Rd5 g6 25. Re3 h6 26. g4 Rbf7 27. gxf5 gxf5
28. Rh3 Kg7 29. Be1 Rf6 30. Bc3 Nxc3 31. Rxc3 Kf7 32. Rcd3 Ke7 33. Re3+ Kd7 34.
Rg3 Re8 35. Rg7+ Re7 36. Rxe7+ Kxe7 37. b4 Ke6 38. c4 Rg6+ 39. Kf2 cxb4 40. Rb5
Rg4 41. Kf3 Rg1 42. Rxb4 Rc1 43. Ra4 Rc3+ 44. Kf2 a6 45. Kg2 h5 46. h4 a5 47.
Kf2 Rh3 48. Rxa5 Rxh4 49. Kg3 Rg4+ 50. Kf3 h4 51. Ra8 Rg3+ 52. Kf2 Rc3 53. Rh8
Rxc4 54. Rxh4 Kd5 55. Ke3 Rc3+ 56. Kd2 Ra3 57. Ke2 Ke4 58. Rh6 Rxa2+ 59. Kd1 d5
0-1

[Event "XIV Festival Conca della Presolana Magistrale"]
[Site "Bratto - Castione della Presolana ITA"]
[Date "1994.08.25"]
[Round "5"]
[White "Belotti, Bruno"]
[Black "Bresciani, Nicola"]
[Result "1-0"]
[WhiteElo "2455"]
[BlackElo "2315"]
[PlyCount "85"]
[EventDate "1994.08.21"]

1. Nf3 Nf6 2. g3 b5 3. Bg2 Bb7 4. O-O c5 5. d3 e6 6. e4 d6 7. Nbd2 Nbd7 8. Re1
Be7 9. c3 O-O 10. d4 e5 11. d5 c4 12. b3 cxb3 13. axb3 Qc7 14. Bb2 a5 15. Bf1
Ba6 16. b4 a4 17. Nb1 Nb6 18. Na3 Qd7 19. Bd3 Ne8 20. Qe2 Nc7 21. Nd2 f5 22. f3
Rf7 23. c4 fxe4 24. fxe4 bxc4 25. Ndxc4 Nxc4 26. Bxc4 Bxc4 27. Qxc4 Bd8 28. Kg2
Na6 29. Bc3 Bb6 30. Rf1 Raf8 31. Rxf7 Rxf7 32. Rf1 Rxf1 33. Qxf1 Nc7 34. h3 Qe7
35. Qd3 Qf6 36. Qe2 Bd4 37. Bxd4 exd4 38. Qd3 Qe5 39. b5 Nxd5 40. exd5 Qxd5+
41. Kf2 Qa2+ 42. Qe2 Qf7+ 43. Ke1 1-0

[Event "XIV Festival Conca della Presolana Magistrale"]
[Site "Bratto - Castione della Presolana ITA"]
[Date "1994.08.25"]
[Round "5"]
[White "Boldini, David"]
[Black "Cugini, Verter"]
[Result "0-1"]
[WhiteElo "1953"]
[BlackElo "2260"]
[PlyCount "82"]
[EventDate "1994.08.21"]

1. d4 d6 2. Nf3 Nf6 3. g3 g6 4. Bg2 Bg7 5. O-O O-O 6. c3 c6 7. Nbd2 Nbd7 8. e4
Qc7 9. Qe2 e5 10. dxe5 dxe5 11. b3 Re8 12. Ba3 Bf8 13. Bb2 Nc5 14. h3 b6 15. c4
Bb7 16. Bxe5 Rxe5 17. Nxe5 Qxe5 18. f4 Qd4+ 19. Kh2 Rd8 20. Rfd1 Qb2 21. Qe1
Nd3 22. Qf1 c5 23. Rab1 Qxa2 24. e5 Ne4 25. Nf3 Nc3 26. Ra1 Qe2 27. Qxe2 Nxe2
28. Rxa7 Be4 29. Ne1 Nxe1 30. Rxd8 Bxg2 31. Ra1 Nc2 32. Ra6 Be4 33. Ra2 Ncd4
34. h4 Nf3+ 35. Kh3 Ned4 36. Ra7 Nc6 37. Rxf8+ Kxf8 38. Rb7 Nfd4 39. Rxb6 h5
40. Kh2 Nc2 41. g4 hxg4 0-1

[Event "XIV Festival Conca della Presolana Magistrale"]
[Site "Bratto - Castione della Presolana ITA"]
[Date "1994.08.25"]
[Round "5"]
[White "Campini, Marco"]
[Black "Gaido, Paolo"]
[Result "1-0"]
[WhiteElo "2060"]
[BlackElo "2095"]
[PlyCount "81"]
[EventDate "1994.08.21"]

1. e4 d6 2. d4 Nf6 3. Nc3 g6 4. f4 Bg7 5. Nf3 O-O 6. Be2 c5 7. d5 e6 8. dxe6
Bxe6 9. O-O Nc6 10. Ng5 Nd4 11. Nxe6 fxe6 12. Be3 Qb6 13. Bd3 a5 14. b3 d5 15.
e5 Nd7 16. Bxd4 cxd4 17. Nb5 a4 18. b4 a3 19. h4 Bxe5 20. fxe5 Nxe5 21. Kh1
Rxf1+ 22. Bxf1 Nc6 23. Qg4 Nxb4 24. Qxd4 Qxd4 25. Nxd4 e5 26. c3 Nxa2 27. Nb5
Nxc3 28. Nxc3 d4 29. Nb5 Kg7 30. Rxa3 Rxa3 31. Nxa3 e4 32. Kg1 Kf6 33. Kf2 Ke5
34. Bc4 h6 35. Bf7 g5 36. hxg5 hxg5 37. Nc4+ Kf6 38. Be8 Ke6 39. Ke2 Kd5 40.
Bf7+ Kc5 41. Nd2 1-0

[Event "XIV Festival Conca della Presolana Magistrale"]
[Site "Bratto - Castione della Presolana ITA"]
[Date "1994.08.25"]
[Round "5"]
[White "Caruso, Daniele"]
[Black "Perissinotto, Claudio"]
[Result "1/2-1/2"]
[WhiteElo "2085"]
[BlackElo "2083"]
[PlyCount "20"]
[EventDate "1994.08.21"]

1. e4 Nf6 2. Nc3 d6 3. d4 g6 4. f4 Bg7 5. Nf3 c5 6. Bb5+ Bd7 7. e5 Ng4 8. e6
fxe6 9. Ng5 Bxb5 10. Nxe6 Bxd4 1/2-1/2

[Event "XIV Festival Conca della Presolana Magistrale"]
[Site "Bratto - Castione della Presolana ITA"]
[Date "1994.08.25"]
[Round "5"]
[White "Ciancarini, Paolo"]
[Black "Righi, Ezio"]
[Result "1-0"]
[WhiteElo "1932"]
[BlackElo "2210"]
[PlyCount "81"]
[EventDate "1994.08.21"]

1. e4 e5 2. Nf3 Nc6 3. d4 exd4 4. Nxd4 Bc5 5. Nb3 Bb6 6. Nc3 Nge7 7. a4 a5 8.
Bg5 f6 9. Bh4 Ne5 10. f4 N5g6 11. Qh5 O-O 12. Bc4+ Kh8 13. Bg3 d6 14. Qf3 f5
15. O-O-O c6 16. h4 fxe4 17. Nxe4 Ne5 18. Qc3 Nxc4 19. Qxc4 Nf5 20. Qd3 Be3+
21. Kb1 Nxg3 22. Nxg3 Bxf4 23. Nd4 Bg4 24. Rde1 Be5 25. Re4 Bd7 26. h5 Qg5 27.
Re3 Bf4 28. Rf3 Qe5 29. Nde2 Bh6 30. Rhf1 Rxf3 31. Qxf3 Be6 32. Qd3 Re8 33. Nf5
Bxf5 34. Rxf5 Qe6 35. Nd4 Qe1+ 36. Ka2 g6 37. hxg6 hxg6 38. Rf7 Qe4 39. Qc3 Bg7
40. Rxg7 Qd5+ 41. Nb3 1-0

[Event "XIV Festival Conca della Presolana Magistrale"]
[Site "Bratto - Castione della Presolana ITA"]
[Date "1994.08.25"]
[Round "5"]
[White "Cividali, Emilio"]
[Black "Lanzani, Mario"]
[Result "1/2-1/2"]
[WhiteElo "1976"]
[BlackElo "2320"]
[PlyCount "83"]
[EventDate "1994.08.21"]

1. d4 d5 2. c4 c6 3. Nc3 Nf6 4. e3 e6 5. Nf3 Nbd7 6. Qc2 Bd6 7. Be2 O-O 8. b3
Re8 9. O-O e5 10. cxd5 cxd5 11. dxe5 Nxe5 12. Nb5 Bb8 13. Bb2 Nxf3+ 14. Bxf3 a6
15. Nd4 Bg4 16. Rac1 Be5 17. Bxg4 Nxg4 18. Nf3 Bxb2 19. Qxb2 Qd7 20. Rfd1 Nf6
21. Qd4 Rac8 22. h3 Rxc1 23. Rxc1 Rc8 24. Rxc8+ Qxc8 25. Qb6 h6 26. Nd4 Ne4 27.
f3 Qc1+ 28. Kh2 Nd2 29. Qxb7 Nf1+ 30. Kg1 Nxe3+ 31. Kf2 Qd2+ 32. Ne2 Nd1+ 33.
Kf1 Qd3 34. Qb8+ Kh7 35. Qe5 f6 36. Qd4 Qb1 37. Qd2 Nc3+ 38. Kf2 Nxe2 39. Kxe2
Qg1 40. Qc2+ Kg8 41. Qc8+ Kh7 42. Qf5+ 1/2-1/2

[Event "XIV Festival Conca della Presolana Magistrale"]
[Site "Bratto - Castione della Presolana ITA"]
[Date "1994.08.25"]
[Round "5"]
[White "Gerundino, Nicola"]
[Black "Pagnoncelli, Marco"]
[Result "0-1"]
[WhiteElo "1909"]
[BlackElo "1900"]
[PlyCount "78"]
[EventDate "1994.08.21"]

1. e4 c5 2. Nf3 d6 3. d4 cxd4 4. Qxd4 Nc6 5. Bb5 Bd7 6. Bxc6 Bxc6 7. Nc3 Nf6 8.
Bg5 e6 9. O-O-O Be7 10. Rhe1 O-O 11. Kb1 Qa5 12. Qd2 Qb6 13. Nd4 Rac8 14. f4 h6
15. Bxf6 Bxf6 16. g4 Rfd8 17. Re3 Bxd4 18. Qxd4 Qxd4 19. Rxd4 Kf8 20. Rd2 Ke7
21. a4 Be8 22. b4 Rc4 23. b5 a6 24. Kb2 axb5 25. axb5 Rc5 26. Red3 Bxb5 27. Rd4
Bc6 28. e5 d5 29. Ne4 Rb5+ 30. Kc1 Ra8 31. c4 Ra1+ 32. Kc2 Rbb1 33. cxd5 Bxd5
34. Nc3 Rc1+ 35. Kb2 Bc6 36. Ne4 Rab1+ 37. Ka3 Rb5 38. Nd6 Ra1+ 39. Ra2 Ra5+
0-1

[Event "XIV Festival Conca della Presolana Magistrale"]
[Site "Bratto - Castione della Presolana ITA"]
[Date "1994.08.25"]
[Round "5"]
[White "Imbrogno, Rinaldo"]
[Black "Bascetta, Biagio"]
[Result "1/2-1/2"]
[WhiteElo "1902"]
[BlackElo "1902"]
[PlyCount "29"]
[EventDate "1994.08.21"]

1. e4 Nf6 2. d3 d5 3. Nd2 e5 4. Ngf3 Nc6 5. g3 dxe4 6. dxe4 Bc5 7. Bg2 O-O 8.
O-O Qe7 9. c3 a5 10. Qc2 Be6 11. Ng5 Bd7 12. Nc4 h6 13. Nf3 Rad8 14. Be3 Ng4
15. Bxc5 1/2-1/2

[Event "XIV Festival Conca della Presolana Magistrale"]
[Site "Bratto - Castione della Presolana ITA"]
[Date "1994.08.25"]
[Round "5"]
[White "Moncelli, Giorgio"]
[Black "Cazzaniga, Walter"]
[Result "1/2-1/2"]
[WhiteElo "2011"]
[BlackElo "2180"]
[PlyCount "91"]
[EventDate "1994.08.21"]

1. c4 Nf6 2. g3 g6 3. Bg2 Bg7 4. Nc3 O-O 5. d3 d6 6. e3 e5 7. Nge2 Nc6 8. O-O
Be6 9. Nd5 Qd7 10. Nec3 Bh3 11. Rb1 Bxg2 12. Kxg2 Nxd5 13. Nxd5 Nd8 14. b4 c6
15. Nc3 Ne6 16. Bd2 f5 17. f4 Rad8 18. Qf3 d5 19. cxd5 cxd5 20. Nd1 e4 21. Qe2
d4 22. dxe4 Qc6 23. Nf2 d3 24. Qf3 Qc2 25. Rfd1 fxe4 26. Qxe4 Rfe8 27. Qxb7
Qxa2 28. Rbc1 Rb8 29. Qc6 Rbc8 30. Qxc8 Rxc8 31. Rxc8+ Kf7 32. Bc3 Qa6 33. Ne4
Qb7 34. Kf3 Ke7 35. Rc1 Bxc3 36. R8xc3 g5 37. h3 h5 38. g4 hxg4+ 39. hxg4 gxf4
40. exf4 d2 41. Rd1 Qb8 42. Re3 Qxf4+ 43. Ke2 Nd4+ 44. Kxd2 Nc2 45. Kxc2 Qxe3
46. Nc3 1/2-1/2

[Event "XIV Festival Conca della Presolana Magistrale"]
[Site "Bratto - Castione della Presolana ITA"]
[Date "1994.08.25"]
[Round "5"]
[White "Nurkic, Sahbaz"]
[Black "Marchini, Massimo"]
[Result "1-0"]
[WhiteElo "2415"]
[BlackElo "2175"]
[PlyCount "75"]
[EventDate "1994.08.21"]

1. e4 d6 2. d4 Nf6 3. Nc3 g6 4. f4 Bg7 5. e5 Nfd7 6. Nf3 O-O 7. Be3 c5 8. e6
fxe6 9. dxc5 Qa5 10. cxd6 exd6 11. Qxd6 Bxc3+ 12. bxc3 Qxc3+ 13. Kf2 Nf6 14.
Bd3 Ng4+ 15. Ke2 Nxe3 16. Kxe3 Nc6 17. Rab1 Rd8 18. Rb3 Qf6 19. Qc5 Ne7 20. c4
Qf8 21. Kf2 b6 22. Qe3 Nf5 23. Qe5 Qd6 24. Be4 Qxe5 25. Nxe5 Rd2+ 26. Ke1 Rxa2
27. g4 Nd4 28. Re3 Nc2+ 29. Kf2 Nxe3+ 30. Kxe3 Ra3+ 31. Kf2 Rb8 32. Rd1 Ba6 33.
Nd7 Rc8 34. Nf6+ Kg7 35. Rd7+ Kf8 36. Nxh7+ Ke8 37. Nf6+ Kf8 38. Bxg6 1-0

[Event "XIV Festival Conca della Presolana Magistrale"]
[Site "Bratto - Castione della Presolana ITA"]
[Date "1994.08.25"]
[Round "5"]
[White "Oppici, Gabriele"]
[Black "Rossi, Giampiero"]
[Result "1/2-1/2"]
[WhiteElo "2005"]
[BlackElo "2205"]
[PlyCount "85"]
[EventDate "1994.08.21"]

1. d4 d5 2. e3 c6 3. Bd3 Nf6 4. Nd2 g6 5. f4 Bg4 6. Ngf3 Bg7 7. O-O e6 8. h3
Bf5 9. Be2 O-O 10. g4 Be4 11. c4 Nbd7 12. Ne5 Ne8 13. Nxe4 dxe4 14. Nxd7 Qxd7
15. Qc2 f5 16. Bd2 Nc7 17. Bc3 Rfe8 18. Rfd1 b6 19. Rd2 Kh8 20. Rad1 Qd6 21. g5
Rec8 22. h4 Kg8 23. h5 Kf7 24. b3 Qe7 25. h6 Bh8 26. Qb2 Kg8 27. a3 Rd8 28. Qc1
Rd7 29. Bb4 Qf7 30. Bc3 Rad8 31. Qb2 Qe7 32. Kg2 Qf7 33. Kg1 Qe7 34. Kh2 Qf7
35. Kh1 Qe7 36. Bf1 Qf7 37. Kg2 Qe7 38. Kf2 Qf7 39. Be2 Qe7 40. Kf1 Qf7 41. a4
Qe7 42. Kg1 Qf8 43. Qc2 1/2-1/2

[Event "XIV Festival Conca della Presolana Magistrale"]
[Site "Bratto - Castione della Presolana ITA"]
[Date "1994.08.25"]
[Round "5"]
[White "Profumo, Alberto"]
[Black "Contin, Daniel"]
[Result "1/2-1/2"]
[WhiteElo "2106"]
[BlackElo "2425"]
[PlyCount "27"]
[EventDate "1994.08.21"]

1. d4 Nf6 2. Nf3 e6 3. g3 c5 4. Bg2 cxd4 5. Nxd4 d5 6. c4 Bb4+ 7. Bd2 Bxd2+ 8.
Qxd2 O-O 9. cxd5 Nxd5 10. O-O Qb6 11. Nc3 Nxc3 12. Qxc3 e5 13. Nb3 Nc6 14. Bxc6
1/2-1/2

[Event "XIV Festival Conca della Presolana Magistrale"]
[Site "Bratto - Castione della Presolana ITA"]
[Date "1994.08.25"]
[Round "5"]
[White "Vivo, Mario"]
[Black "Luchsinger, Eric"]
[Result "1-0"]
[WhiteElo "2164"]
[BlackElo "2200"]
[PlyCount "80"]
[EventDate "1994.08.21"]

1. d4 Nf6 2. Nf3 c5 3. e3 g6 4. Bd3 Bg7 5. O-O b6 6. Nbd2 O-O 7. c3 d6 8. b4
Nbd7 9. a4 cxb4 10. cxb4 Bb7 11. Ba3 Rc8 12. b5 Qc7 13. Qe2 Qb8 14. e4 Rfe8 15.
Bb4 Bf8 16. a5 e5 17. a6 Ba8 18. d5 Nc5 19. Bc4 Rc7 20. Ne1 Qc8 21. f3 Bh6 22.
Ba2 Nh5 23. g3 Qd7 24. Ng2 Ng7 25. Bc4 f5 26. Rfc1 Rf8 27. Ne3 Rfc8 28. Rc2 Rf8
29. Rac1 Qd8 30. Nb3 Rcf7 31. Nxc5 bxc5 32. Bd2 Kh8 33. Rf1 Kg8 34. Re1 Ne8 35.
Bd3 Kh8 36. Nc4 Bxd2 37. Qxd2 Qf6 38. Rb1 Ng7 39. b6 axb6 40. Rxb6 Ra7 1-0

[Event "XIV Festival Conca della Presolana Magistrale"]
[Site "Bratto - Castione della Presolana ITA"]
[Date "1994.08.25"]
[Round "5"]
[White "Zoldan, Matteo"]
[Black "D'Apa, Stefano"]
[Result "0-1"]
[WhiteElo "1900"]
[BlackElo "2205"]
[PlyCount "78"]
[EventDate "1994.08.21"]

1. c4 e5 2. Nc3 Nf6 3. d3 Bb4 4. Bd2 Nc6 5. e4 a5 6. g3 O-O 7. Bg2 d6 8. Nge2
Bg4 9. h3 Bxe2 10. Nxe2 Nd7 11. O-O Re8 12. Kh2 Nc5 13. Be3 Ne6 14. f4 Bc5 15.
Qd2 Bxe3 16. Qxe3 f6 17. Rf2 Ned4 18. Nc3 Kh8 19. h4 Rb8 20. Bh3 Ne7 21. f5 c6
22. g4 Rg8 23. g5 Qf8 24. Rg1 b5 25. h5 Rb7 26. Ne2 Nxe2 27. Rxe2 c5 28. Reg2
Qb8 29. h6 bxc4 30. hxg7+ Rxg7 31. gxf6 Rxg2+ 32. Rxg2 Ng8 33. Qg5 Qf8 34. dxc4
Nxf6 35. Qh4 a4 36. Rg3 Rxb2+ 37. Bg2 Rxa2 38. Rg6 Nxe4 39. f6 Qf7 0-1

[Event "XIV Festival Conca della Presolana Magistrale"]
[Site "Bratto - Castione della Presolana ITA"]
[Date "1994.08.26"]
[Round "6"]
[White "Bascetta, Biagio"]
[Black "Zoldan, Matteo"]
[Result "1/2-1/2"]
[WhiteElo "1902"]
[BlackElo "1900"]
[PlyCount "28"]
[EventDate "1994.08.21"]

1. d4 Nf6 2. Bg5 c5 3. Bxf6 gxf6 4. d5 Qb6 5. Nd2 Qxb2 6. e3 f5 7. Rb1 Qf6 8.
Bd3 Bg7 9. Nh3 O-O 10. Nf4 d6 11. Qf3 Qg5 12. h3 Nd7 13. Qe2 Ne5 14. h4 Qf6
1/2-1/2

[Event "XIV Festival Conca della Presolana Magistrale"]
[Site "Bratto - Castione della Presolana ITA"]
[Date "1994.08.26"]
[Round "6"]
[White "Bresciani, Nicola"]
[Black "Ciancarini, Paolo"]
[Result "0-1"]
[WhiteElo "2315"]
[BlackElo "1932"]
[PlyCount "82"]
[EventDate "1994.08.21"]

1. e4 c5 2. Nf3 d6 3. d4 cxd4 4. Nxd4 Nf6 5. Nc3 a6 6. Be2 e5 7. Nb3 Be7 8. O-O
Be6 9. Re1 O-O 10. Bf1 Qc7 11. Nd5 Bxd5 12. exd5 b5 13. Be3 Qb7 14. c4 bxc4 15.
Bxc4 Rc8 16. Rc1 a5 17. Qd3 a4 18. Nd2 Ng4 19. b3 Nxe3 20. Qxe3 Nd7 21. Qe2
axb3 22. Bxb3 Rxc1 23. Rxc1 Bg5 24. Rd1 Bxd2 25. Qxd2 Nc5 26. Bc4 g6 27. Qc2
Rb8 28. a4 Qb4 29. Bb5 Ra8 30. Bc6 Rb8 31. Bb5 Ra8 32. Rb1 Qd4 33. Bc6 Ra5 34.
Rd1 Qb4 35. Qb1 Qf4 36. Qb8+ Kg7 37. Qxd6 Ne4 38. Qb4 Rc5 39. Qe1 Rc2 40. f3
Qg5 41. g3 Qh5 0-1

[Event "XIV Festival Conca della Presolana Magistrale"]
[Site "Bratto - Castione della Presolana ITA"]
[Date "1994.08.26"]
[Round "6"]
[White "Cazzaniga, Walter"]
[Black "Boldini, David"]
[Result "1-0"]
[WhiteElo "2180"]
[BlackElo "1953"]
[PlyCount "59"]
[EventDate "1994.08.21"]

1. d4 d5 2. c4 dxc4 3. e4 e5 4. d5 Nf6 5. Nc3 b5 6. Nf3 b4 7. Na4 Nxe4 8. Bxc4
Nd6 9. Be2 Nd7 10. Bd2 Rb8 11. Rc1 Nb5 12. Qc2 Bd6 13. O-O O-O 14. Bg5 Qe8 15.
Bd3 Kh8 16. Rfe1 f6 17. Be3 Qh5 18. Qe2 a6 19. Rc4 g5 20. h4 g4 21. Nd2 f5 22.
g3 f4 23. gxf4 exf4 24. Bd4+ Nxd4 25. Rxd4 f3 26. Qe4 Nf6 27. Qe3 Rg8 28. Ne4
Nxe4 29. Rxe4 Qxh4 30. Qd4+ 1-0

[Event "XIV Festival Conca della Presolana Magistrale"]
[Site "Bratto - Castione della Presolana ITA"]
[Date "1994.08.26"]
[Round "6"]
[White "Contin, Daniel"]
[Black "Belotti, Bruno"]
[Result "1/2-1/2"]
[WhiteElo "2425"]
[BlackElo "2455"]
[PlyCount "59"]
[EventDate "1994.08.21"]

1. c4 g6 2. Nc3 Bg7 3. g3 e5 4. Bg2 Nc6 5. e3 d6 6. Nge2 h5 7. d4 h4 8. d5 Nb8
9. e4 Nh6 10. f3 f5 11. Be3 Nd7 12. Qd2 Nf7 13. O-O-O Nf6 14. Kb1 h3 15. Bf1
fxe4 16. Nxe4 Nxe4 17. fxe4 Bg4 18. Rg1 Bf6 19. Rc1 Ng5 20. Nc3 Nf3 21. Qd1
Nxh2 22. Be2 Qd7 23. Nb5 Bd8 24. c5 a6 25. c6 bxc6 26. dxc6 Qe6 27. Nc3 O-O 28.
Rh1 Bxe2 29. Qxe2 Nf3 30. g4 1/2-1/2

[Event "XIV Festival Conca della Presolana Magistrale"]
[Site "Bratto - Castione della Presolana ITA"]
[Date "1994.08.26"]
[Round "6"]
[White "Cugini, Verter"]
[Black "Cividali, Emilio"]
[Result "1/2-1/2"]
[WhiteElo "2260"]
[BlackElo "1976"]
[PlyCount "112"]
[EventDate "1994.08.21"]

1. e4 c5 2. g3 Nc6 3. Bg2 e6 4. Ne2 Nge7 5. O-O d5 6. d3 g6 7. c3 Bg7 8. Be3 d4
9. cxd4 Nxd4 10. Nxd4 Bxd4 11. Bxd4 Qxd4 12. Nc3 e5 13. Kh1 h5 14. Qa4+ Qxa4
15. Nxa4 b6 16. f4 h4 17. gxh4 Rxh4 18. fxe5 Nc6 19. Nc3 Be6 20. Nd5 O-O-O 21.
Rf4 Rdh8 22. Rxh4 Rxh4 23. a4 Nxe5 24. a5 Kb7 25. axb6 axb6 26. Ra3 Ng4 27. Rb3
Nxh2 28. Kg1 Bxd5 29. exd5 Kc7 30. Ra3 f5 31. Ra7+ Kd8 32. d6 Rd4 33. Kxh2 Rxd3
34. Ra8+ Kd7 35. Ra7+ Kd8 36. Ra8+ Kd7 37. Ra7+ Kxd6 38. Rg7 Rb3 39. Rxg6+ Ke5
40. Rg8 Rxb2 41. Kg3 c4 42. Re8+ Kd4 43. Rd8+ Kc3 44. Bh3 b5 45. Bxf5 b4 46.
Kf3 Rd2 47. Rb8 Rd1 48. Ke2 Rg1 49. Bh7 b3 50. Bf5 Rg5 51. Bh7 Kb2 52. Bg8 Rxg8
53. Rxg8 Kc2 54. Ke3 b2 55. Rb8 c3 56. Kd4 Kd2 1/2-1/2

[Event "XIV Festival Conca della Presolana Magistrale"]
[Site "Bratto - Castione della Presolana ITA"]
[Date "1994.08.26"]
[Round "6"]
[White "D'Apa, Stefano"]
[Black "Caruso, Daniele"]
[Result "1/2-1/2"]
[WhiteElo "2205"]
[BlackElo "2085"]
[PlyCount "82"]
[EventDate "1994.08.21"]

1. d4 Nf6 2. Nf3 g6 3. Bf4 Bg7 4. e3 d6 5. h3 O-O 6. Bc4 c6 7. c3 Nbd7 8. Nbd2
b5 9. Bb3 a5 10. O-O a4 11. Bc2 a3 12. b4 Nd5 13. Nb1 Nxf4 14. exf4 e5 15. fxe5
dxe5 16. Nbd2 exd4 17. cxd4 Nb6 18. Nb3 Be6 19. Be4 Nd5 20. Qd2 Qd6 21. Nc5 Nf6
22. Bc2 Bd5 23. Ne5 Ra7 24. Rfd1 Rd8 25. Bb3 Re7 26. f3 Ne8 27. Bxd5 Qxd5 28.
Qc1 Ra7 29. f4 Nd6 30. Nb3 Nc4 31. Kh1 Ra4 32. Nxc4 bxc4 33. Nc5 Ra7 34. Qc2
Re8 35. Rac1 Bxd4 36. Qxc4 Qxc4 37. Rxc4 Bxc5 38. Rxc5 Re2 39. Ra1 Ra4 40. Rxc6
Rxb4 41. Rc3 Rxf4 1/2-1/2

[Event "XIV Festival Conca della Presolana Magistrale"]
[Site "Bratto - Castione della Presolana ITA"]
[Date "1994.08.26"]
[Round "6"]
[White "Everet, Alexandro"]
[Black "Vivo, Mario"]
[Result "1/2-1/2"]
[WhiteElo "1971"]
[BlackElo "2164"]
[PlyCount "110"]
[EventDate "1994.08.21"]

1. e4 c5 2. Nf3 Nc6 3. Nc3 d6 4. h3 g6 5. d3 Bg7 6. Be2 e6 7. O-O Nge7 8. Bf4
a6 9. Qd2 Nd4 10. Rae1 O-O 11. Bh6 Nec6 12. Bxg7 Kxg7 13. Nh2 Nxe2+ 14. Nxe2
Qa5 15. Qc1 e5 16. f4 Qxa2 17. f5 f6 18. b3 Qa5 19. Ng4 g5 20. Ng3 Qd8 21. Nh5+
Kh8 22. h4 Bd7 23. Ngxf6 Rxf6 24. Nxf6 Qxf6 25. hxg5 Qg7 26. c3 Rg8 27. g6 hxg6
28. f6 Qh7 29. Re2 Nd8 30. g4 Bxg4 31. Rh2 Bh5 32. Qe3 Rf8 33. d4 Ne6 34. dxe5
dxe5 35. Rd2 b6 36. Rd6 Nf4 37. Rxf4 exf4 38. Qxf4 g5 39. Qe5 Bf7 40. Rxb6 Re8
41. Rb8 Rxb8 42. Qxb8+ Bg8 43. Qe5 Qf7 44. Qxg5 Bh7 45. Kf2 Bxe4 46. Ke3 Bh7
47. Qxc5 Qxf6 48. Qd4 Kg7 49. Qxf6+ Kxf6 50. Kd4 Bc2 51. Kc4 Ke6 52. Kb4 Kd6
53. Ka5 Bxb3 54. Kxa6 Kc5 55. c4 Bxc4+ 1/2-1/2

[Event "XIV Festival Conca della Presolana Magistrale"]
[Site "Bratto - Castione della Presolana ITA"]
[Date "1994.08.26"]
[Round "6"]
[White "Fabbri, Mario"]
[Black "Rossi, Giampiero"]
[Result "1-0"]
[WhiteElo "2225"]
[BlackElo "2205"]
[PlyCount "99"]
[EventDate "1994.08.21"]

1. d4 d5 2. c4 e6 3. Nc3 Nf6 4. Bg5 Nbd7 5. cxd5 exd5 6. e3 c6 7. Bd3 Be7 8.
Nf3 O-O 9. O-O Re8 10. Qc2 Nf8 11. Bxf6 Bxf6 12. b4 a6 13. a4 g6 14. b5 axb5
15. axb5 Rxa1 16. Rxa1 Ne6 17. bxc6 bxc6 18. Na4 Qd6 19. Rc1 Bd7 20. Nb6 Nd8
21. Nxd7 Qxd7 22. Qa4 Bg7 23. Nd2 f5 24. Nb3 Qd6 25. g3 Rf8 26. Na5 Rf6 27. Qc2
Bf8 28. Nb3 Qe7 29. Ra1 Rd6 30. Ra6 Qf6 31. Nc5 h5 32. Qb1 h4 33. Nb7 Nxb7 34.
Qxb7 hxg3 35. hxg3 Qe7 36. Qc8 Qe6 37. Qc7 Qd7 38. Qxd7 Rxd7 39. Rxc6 Kf7 40.
Bc2 Rd6 41. Rc8 Be7 42. Kg2 Ke6 43. Rb8 Rd8 44. Rb5 Bf6 45. Kf3 g5 46. Rb6+ Rd6
47. Bxf5+ Ke7 48. Rb7+ Ke8 49. Bg6+ Kd8 50. Bc2 1-0